000 00492nam a2200157 4500
001 148766
003 ES-MaACL
005 20230906202809.0
007 t|
008 070214s1977 sp r ||||1| spa d
100 1 _aSuárez, Federico.
_9108558
245 1 0 _aReflexiones sobre la Historia y sobre el método de la investigación histórica /
_cFederico Suárez.
260 _aMadrid :
_bRialp,
_c[1977] (
_fTordesillas)
300 _a256 p. ;
_c20 cm.
852 _aES-MaACL
_jA-7826
_bR.96691
999 _c148766
_d148766